|
|
|
|
| LEADER |
00000cas a2200000 c 4500 |
| 001 |
130179779 |
| 003 |
DE-627 |
| 005 |
20260207121914.0 |
| 007 |
tu |
| 008 |
931116d19621984gw z| m| 0 |0ger c |
| 016 |
7 |
|
|a 012799637
|2 DE-101
|
| 016 |
7 |
|
|a 526189-2
|2 DE-600
|
| 022 |
|
|
|a 0073-1676
|
| 035 |
|
|
|a (DE-627)130179779
|
| 035 |
|
|
|a (DE-576)001935879
|
| 035 |
|
|
|a (DE-599)ZDB526189-2
|
| 035 |
|
|
|a (OCoLC)714177470
|
| 040 |
|
|
|a DE-627
|b ger
|c DE-627
|e rakwb
|
| 041 |
|
|
|a ger
|
| 044 |
|
|
|c XA-DE
|
| 082 |
0 |
4 |
|a 050
|q DE-101
|
| 082 |
0 |
4 |
|a 300
|q DE-600
|
| 245 |
0 |
0 |
|a Heidelberger Sociologica
|b Veröff. d. Instituts für Soziologie und Ethnologie, Heidelberg
|
| 264 |
3 |
1 |
|a Tübingen
|b Mohr
|c 1962-1984
|
| 264 |
2 |
1 |
|a Meisenheim am Glan
|b Hain
|c anfangs
|
| 336 |
|
|
|a Text
|b txt
|2 rdacontent
|
| 337 |
|
|
|a ohne Hilfsmittel zu benutzen
|b n
|2 rdamedia
|
| 338 |
|
|
|a Band
|b nc
|2 rdacarrier
|
| 362 |
0 |
|
|a 1.1962 - 20.1984[?]
|
| 363 |
0 |
0 |
|a 1
|i 1962
|
| 363 |
1 |
0 |
|a 20
|i 1984
|
| 655 |
|
7 |
|a Monografische Reihe
|0 (DE-588)4179998-7
|0 (DE-627)104628669
|0 (DE-576)209995106
|2 gnd-content
|
| 889 |
|
|
|w (DE-603)001600877
|
| 889 |
|
|
|w (DE-576)285624652
|
| 889 |
|
|
|w (DE-627)173981343X
|
| 935 |
|
|
|a mteo
|
| 935 |
|
|
|i sdedup20220929
|
| 936 |
s |
n |
|a a100
|2 mzub
|
| 951 |
|
|
|a ST
|
| ELC |
|
|
|b 1
|
| LOK |
|
|
|0 000 xxxxxcx a22 zn 4500
|
| LOK |
|
|
|0 001 2464752622
|
| LOK |
|
|
|0 003 DE-627
|
| LOK |
|
|
|0 004 130179779
|
| LOK |
|
|
|0 005 20011206000000
|
| LOK |
|
|
|0 008 881222||||||||||||||||ger|||||||
|
| LOK |
|
|
|0 040
|a DE-21
|c DE-627
|d DE-21
|
| LOK |
|
|
|0 852
|a DE-21
|
| LOK |
|
|
|0 852 1
|9 00
|
| LOK |
|
|
|0 866
|x NAK
|
| LOK |
|
|
|0 939
|a 22-12-88
|b l01
|
| LOK |
|
|
|0 000 xxxxxcx a22 zn 4500
|
| LOK |
|
|
|0 001 2464752649
|
| LOK |
|
|
|0 003 DE-627
|
| LOK |
|
|
|0 004 130179779
|
| LOK |
|
|
|0 005 20011213000000
|
| LOK |
|
|
|0 008 960417||||||||||||||||ger|||||||
|
| LOK |
|
|
|0 040
|a DE-21-35
|c DE-627
|d DE-21-35
|
| LOK |
|
|
|0 852
|a DE-21-35
|
| LOK |
|
|
|0 852 1
|c Einzelsignatur
|m p
|9 00
|
| LOK |
|
|
|0 938
|k p
|
| LOK |
|
|
|0 939
|a 17-04-96
|b l01
|
| LOK |
|
|
|0 000 xxxxxcx a22 zn 4500
|
| LOK |
|
|
|0 001 2464752657
|
| LOK |
|
|
|0 003 DE-627
|
| LOK |
|
|
|0 004 130179779
|
| LOK |
|
|
|0 005 20011213000000
|
| LOK |
|
|
|0 008 961118||||||||||||||||ger|||||||
|
| LOK |
|
|
|0 040
|a DE-21-108
|c DE-627
|d DE-21-108
|
| LOK |
|
|
|0 092
|o l
|
| LOK |
|
|
|0 852
|a DE-21-108
|
| LOK |
|
|
|0 852 1
|m p
|9 00
|
| LOK |
|
|
|0 938
|k p
|
| LOK |
|
|
|0 939
|a 18-11-96
|b l01
|
| LOK |
|
|
|0 000 xxxxxcx a22 zn 4500
|
| LOK |
|
|
|0 001 2539643205
|
| LOK |
|
|
|0 003 DE-627
|
| LOK |
|
|
|0 004 130179779
|
| LOK |
|
|
|0 005 20240321093054
|
| LOK |
|
|
|0 008 070806||||||||||||||||ger|||||||
|
| LOK |
|
|
|0 040
|a DE-21-53
|c DE-627
|d DE-21-53
|
| LOK |
|
|
|0 852
|a DE-21-53
|
| LOK |
|
|
|0 852 1
|m p
|9 00
|
| LOK |
|
|
|0 935
|a k053
|a i053
|a kneu
|
| LOK |
|
|
|0 938
|k p
|
| LOK |
|
|
|0 939
|a 06-08-07
|b l01
|
| LOK |
|
|
|0 000 xxxxxcx a22 zn 4500
|
| LOK |
|
|
|0 001 2540586465
|
| LOK |
|
|
|0 003 DE-627
|
| LOK |
|
|
|0 004 130179779
|
| LOK |
|
|
|0 005 20070820155436
|
| LOK |
|
|
|0 008 070820||||||||||||||||ger|||||||
|
| LOK |
|
|
|0 040
|a DE-21-52
|c DE-627
|d DE-21-52
|
| LOK |
|
|
|0 852
|a DE-21-52
|
| LOK |
|
|
|0 852 1
|m p
|9 00
|
| LOK |
|
|
|0 938
|k p
|
| LOK |
|
|
|0 939
|a 20-08-07
|b l01
|
| LOK |
|
|
|0 000 xxxxxcx a22 zn 4500
|
| LOK |
|
|
|0 001 2556154098
|
| LOK |
|
|
|0 003 DE-627
|
| LOK |
|
|
|0 004 130179779
|
| LOK |
|
|
|0 005 20240321093054
|
| LOK |
|
|
|0 008 071119||||||||||||||||ger|||||||
|
| LOK |
|
|
|0 040
|a DE-21-43
|c DE-627
|d DE-21-43
|
| LOK |
|
|
|0 852
|a DE-21-43
|
| LOK |
|
|
|0 852 1
|m p
|9 00
|
| LOK |
|
|
|0 935
|a k043
|a kneu
|
| LOK |
|
|
|0 938
|k p
|
| LOK |
|
|
|0 939
|a 19-11-07
|b l01
|
| LOK |
|
|
|0 000 xxxxxcx a22 zn 4500
|
| LOK |
|
|
|0 001 2573105881
|
| LOK |
|
|
|0 003 DE-627
|
| LOK |
|
|
|0 004 130179779
|
| LOK |
|
|
|0 005 20240321093054
|
| LOK |
|
|
|0 008 080610||||||||||||||||ger|||||||
|
| LOK |
|
|
|0 040
|a DE-21-46
|c DE-627
|d DE-21-46
|
| LOK |
|
|
|0 852
|a DE-21-46
|
| LOK |
|
|
|0 852 1
|m p
|9 00
|
| LOK |
|
|
|0 935
|a k046
|a i046
|a kneu
|
| LOK |
|
|
|0 938
|k p
|
| LOK |
|
|
|0 939
|a 10-06-08
|b l01
|
| LOK |
|
|
|0 000 xxxxxcx a22 zn 4500
|
| LOK |
|
|
|0 001 2608344887
|
| LOK |
|
|
|0 003 DE-627
|
| LOK |
|
|
|0 004 130179779
|
| LOK |
|
|
|0 005 20090819160441
|
| LOK |
|
|
|0 008 090819||||||||||||||||ger|||||||
|
| LOK |
|
|
|0 040
|a DE-21-17
|c DE-627
|d DE-21-17
|
| LOK |
|
|
|0 852
|a DE-21-17
|
| LOK |
|
|
|0 852 1
|m p
|9 00
|
| LOK |
|
|
|0 938
|k p
|
| LOK |
|
|
|0 939
|a 19-08-09
|b l01
|
| LOK |
|
|
|0 000 xxxxxcx a22 zn 4500
|
| LOK |
|
|
|0 001 2707954888
|
| LOK |
|
|
|0 003 DE-627
|
| LOK |
|
|
|0 004 130179779
|
| LOK |
|
|
|0 005 20240321103005
|
| LOK |
|
|
|0 008 120314||||||||||||||||ger|||||||
|
| LOK |
|
|
|0 040
|a DE-21-206
|c DE-627
|d DE-21-206
|
| LOK |
|
|
|0 852
|a DE-21-206
|
| LOK |
|
|
|0 852 1
|m p
|9 00
|
| LOK |
|
|
|0 935
|a i034
|a k034
|a veex
|a mcup
|
| LOK |
|
|
|0 938
|k p
|
| LOK |
|
|
|0 939
|a 14-03-12
|b l01
|
| LOK |
|
|
|0 000 xxxxxcx a22 zn 4500
|
| LOK |
|
|
|0 001 2786145767
|
| LOK |
|
|
|0 003 DE-627
|
| LOK |
|
|
|0 004 130179779
|
| LOK |
|
|
|0 005 20240321093054
|
| LOK |
|
|
|0 008 140311||||||||||||||||ger|||||||
|
| LOK |
|
|
|0 040
|a DE-21-62
|c DE-627
|d DE-21-62
|
| LOK |
|
|
|0 852
|a DE-21-62
|
| LOK |
|
|
|0 852 1
|m p
|9 00
|
| LOK |
|
|
|0 935
|a k062
|a i062
|
| LOK |
|
|
|0 938
|k p
|
| LOK |
|
|
|0 939
|a 11-03-14
|b l01
|
| LOK |
|
|
|0 000 xxxxxcx a22 zn 4500
|
| LOK |
|
|
|0 001 4364182370
|
| LOK |
|
|
|0 003 DE-627
|
| LOK |
|
|
|0 004 130179779
|
| LOK |
|
|
|0 005 20240321093054
|
| LOK |
|
|
|0 008 230809||||||||||||||||ger|||||||
|
| LOK |
|
|
|0 040
|a DE-21-85
|c DE-627
|d DE-21-85
|
| LOK |
|
|
|0 852
|a DE-21-85
|
| LOK |
|
|
|0 852 1
|m p
|9 00
|
| LOK |
|
|
|0 935
|a k085
|a isda
|
| LOK |
|
|
|0 938
|k p
|
| LOK |
|
|
|0 939
|a 09-08-23
|b l133
|
| LOK |
|
|
|0 000 xxxxxcx a22 zn 4500
|
| LOK |
|
|
|0 001 4526582565
|
| LOK |
|
|
|0 003 DE-627
|
| LOK |
|
|
|0 004 130179779
|
| LOK |
|
|
|0 005 20240521124558
|
| LOK |
|
|
|0 008 240521||||||||||||||||ger|||||||
|
| LOK |
|
|
|0 040
|a DE-21-85
|c DE-627
|d DE-21-85
|
| LOK |
|
|
|0 852
|a DE-21-85
|
| LOK |
|
|
|0 852 1
|m p
|9 00
|
| LOK |
|
|
|0 935
|a k085
|a isda
|
| LOK |
|
|
|0 938
|k p
|
| LOK |
|
|
|0 939
|a 21-05-24
|b l134
|
| LOK |
|
|
|0 000 xxxxxcx a22 zn 4500
|
| LOK |
|
|
|0 001 2464753467
|
| LOK |
|
|
|0 003 DE-627
|
| LOK |
|
|
|0 004 130179779
|
| LOK |
|
|
|0 005 20050415000000
|
| LOK |
|
|
|0 008 050415||||||||||||||||ger|||||||
|
| LOK |
|
|
|0 040
|a DE-Frei85
|c DE-627
|d DE-Frei85
|
| LOK |
|
|
|0 852
|a DE-Frei85
|
| LOK |
|
|
|0 852 1
|m p
|9 00
|
| LOK |
|
|
|0 938
|k p
|
| LOK |
|
|
|0 939
|a 15-04-05
|b l01
|
| ORI |
|
|
|a SA-MARC-krimdokb001.raw
|
| SPR |
|
|
|a 1
|t KRI
|